[Event "Open Aubagne 2019-2020"]
[Site "Aubagne"]
[Date "2019.09.02"]
[Round "3.30"]
[White "Pietrac, Christian"]
[Black "Hours, Evelyne"]
[Result "1-0"]
[WhiteElo "1242"]
[BlackElo "1070"]
[PlyCount "101"]

1. Nf3 d6 2. d3 e5 3. g3 f5 4. Bg2 Nf6 5. Nbd2 Nc6 6. c3 Be7 7. O-O Bd7 8. Qb3
Qc8 9. e4 Be6 10. Qc2 fxe4 11. dxe4 Bh3 12. Qb3 h6 13. Nh4 Bxg2 14. Kxg2 Qg4
15. f3 Qc8 16. Ng6 Rg8 17. Nc4 b6 18. Ne3 Qb7 19. Ng4 O-O-O 20. Qe6+ Kb8 21.
Nxe7 Nxg4 22. Nxc6+ Qxc6 23. Qxg4 Rdf8 24. Be3 Qc4 25. a4 Qe2+ 26. Bf2 Rf7 27.
h3 Rgf8 28. f4 Qxe4+ 29. Qf3 Qxf3+ 30. Kxf3 g5 31. c4 gxf4 32. g4 Re8 33. Rae1
Rfe7 34. Re4 c6 35. a5 d5 36. cxd5 cxd5 37. Rb4 e4+ 38. Kxf4 Rf8+ 39. Ke3 Rf3+
40. Ke2 Rb7 41. axb6 axb6 42. Bxb6 Rxh3 43. Ba7+ Kc7 44. Rc1+ Kd6 45. Rxb7 Rh2+
46. Ke3 Rh3+ 47. Kf2 e3+ 48. Bxe3 Rh2+ 49. Kg3 Re2 50. Bf4+ Ke6 51. Rc6# 1-0

[Event "Open Aubagne 2019-2020"]
[Site "Aubagne"]
[Date "2019.09.02"]
[Round "3.31"]
[White "Biglia, Michel"]
[Black "Innocenti, Georges"]
[Result "1-0"]
[WhiteElo "1210"]
[BlackElo "1087"]
[PlyCount "45"]

1. e4 e5 2. Bc4 d6 3. Nc3 Qe7 4. Nf3 Nc6 5. d3 Be6 6. Bb5 Bd7 7. Nd5 Qd8 8. Ng5
Nf6 9. Qf3 Nd4 10. Bxd7+ Qxd7 11. Nxf6+ gxf6 12. Qxf6 Be7 13. Qxh8+ Bf8 14. Nf3
Nxc2+ 15. Kd2 Nxa1 16. Ke2 Nc2 17. Bh6 Ke7 18. Bg5+ Ke8 19. Nh4 Qg4+ 20. Kd2
Qxg5+ 21. Kxc2 Qxh4 22. g3 Qh6 23. d4 1-0

[Event "Open Aubagne 2019-2020"]
[Site "Aubagne"]
[Date "2019.09.02"]
[Round "3.32"]
[White "Belliardo, Julia"]
[Black "Prasant, Krishnan"]
[Result "0-1"]
[WhiteElo "1099"]
[BlackElo "1210"]
[PlyCount "54"]

1. e4 e5 2. Nf3 Nf6 3. Nxe5 d6 4. Nc4 Nxe4 5. Qe2 Qe7 6. d3 Nf6 7. Bf4 Nbd7 8.
Nc3 Nc5 9. Qxe7+ Bxe7 10. Be2 O-O 11. O-O Re8 12. b4 Na6 13. b5 Nc5 14. Rae1
Bd7 15. d4 Ne6 16. Be3 Nf8 17. h3 d5 18. Nxd5 Nxd5 19. Bd2 Nb4 20. Bxb4 Bxb4
21. Bg4 Rxe1 22. Rxe1 Bxe1 23. Bh5 Bxb5 24. Ne5 g6 25. Bf3 Bc3 26. Bd5 Bxd4 27.
Bxf7+ Kg7 0-1

[Event "Open Aubagne 2019-2020"]
[Site "Aubagne"]
[Date "2019.09.02"]
[Round "3.33"]
[White "Reynaud, Jacques"]
[Black "Boudet, Nicole"]
[Result "1-0"]
[WhiteElo "1394"]
[BlackElo "1056"]
[PlyCount "97"]

1. d4 Nf6 2. Nc3 d5 3. Bf4 Nbd7 4. e3 a6 5. Bd3 e6 6. a3 c5 7. b3 Be7 8. Qf3
Qa5 9. Nge2 O-O 10. O-O b5 11. b4 cxb4 12. axb4 Qb6 13. Nxb5 Bb7 14. Nbc3 Nb8
15. Na4 Qc6 16. Nc5 Bxc5 17. bxc5 Nbd7 18. Bd6 Rfe8 19. Rfb1 Ra7 20. Nc3 e5 21.
Qh3 exd4 22. exd4 Ne4 23. Bb5 axb5 24. Rxa7 Nxc3 25. Qxc3 Nf6 26. f3 Nd7 27.
Qd3 g6 28. Kf2 Ra8 29. Rxa8+ Bxa8 30. Qxb5 f5 31. Ke3 g5 32. Kd3 Kf7 33. Qxc6
Bxc6 34. Re1 h5 35. c4 g4 36. cxd5 Bxd5 37. Re7+ Kf6 38. Rxd7 h4 39. fxg4 fxg4
40. Be7+ Ke6 41. Rxd5 Kxd5 42. Bxh4 Kc6 43. Ke4 Kd7 44. Ke5 Kc7 45. d5 Kd7 46.
c6+ Ke8 47. d6 g3 48. hxg3 Kf7 49. d7 1-0

[Event "Open Aubagne 2019-2020"]
[Site "Aubagne"]
[Date "2019.09.02"]
[Round "3.34"]
[White "Autouard, Jean-Luc"]
[Black "Gabarrot, Maxence"]
[Result "1-0"]
[WhiteElo "1245"]
[BlackElo "1099"]
[PlyCount "49"]

1. e4 Nc6 2. Nc3 e6 3. Bc4 d5 4. exd5 exd5 5. Bxd5 Nb4 6. Bb3 Be7 7. Nf3 Nf6 8.
O-O O-O 9. d3 c5 10. Ne2 Bd7 11. Nf4 Bd6 12. c3 Nc6 13. d4 cxd4 14. cxd4 Bg4
15. a3 Qc7 16. g3 Nxd4 17. Qxd4 Bxf3 18. Qd3 Qc6 19. Bd1 Bxd1 20. Rxd1 Ng4 21.
b4 Bxf4 22. Bxf4 Rad8 23. Qxd8 Rxd8 24. Rxd8+ Qe8 25. Rxe8# 1-0

[Event "Open Aubagne 2019-2020"]
[Site "Aubagne"]
[Date "2019.09.02"]
[Round "3.35"]
[White "Shelar, Manasvi"]
[Black "Garbe, Georges"]
[Result "1-0"]
[WhiteElo "1099"]
[BlackElo "1216"]
[PlyCount "131"]

1. e4 c5 2. Nc3 Nc6 3. Bc4 e6 4. Nf3 Nf6 5. d3 Bd6 6. Bg5 O-O 7. Qd2 Bc7 8. O-O
h6 9. Bh4 Ne5 10. Qe3 b6 11. Bg3 Neg4 12. Qe2 Ne5 13. Bxe5 d6 14. Bg3 e5 15.
Nd5 Bb8 16. Bh4 g5 17. Bg3 Ng4 18. h3 Nf6 19. Nxf6+ Qxf6 20. Bd5 g4 21. Bh4 Qg6
22. Kh1 gxf3 23. Qxf3 Bc7 24. Bxa8 Be6 25. Bd5 Bxd5 26. exd5 c4 27. Rac1 e4 28.
dxe4 Re8 29. Rfe1 Qg7 30. Bf6 Qg6 31. Bd4 Bd8 32. e5 Rf8 33. exd6 Bg5 34. Rcd1
Qxd6 35. b3 Qf4 36. Qc3 b5 37. Bc5 Rd8 38. Re2 Qf6 39. Qg3 Qf4 40. Qc3 Qf6 41.
Qa5 a6 42. Rde1 Kh7 43. Be7 Qh8 44. Bxd8 Bxd8 45. Qxa6 Bg5 46. Re8 Qf6 47. Qxb5
Qxf2 48. Qxc4 Kg7 49. Qc3+ Qf6 50. Qg3 Kh7 51. h4 Qf4 52. Qd3+ Kg7 53. hxg5
Qh4+ 54. Kg1 Qxg5 55. Qd4+ Qf6 56. Qg4+ Qg6 57. Qd7 Qxc2 58. Qe7 Qg6 59. Qf8+
Kf6 60. Rf1+ Kg5 61. Qe7+ Kh5 62. Kh2 Kg4 63. g3 Qc2+ 64. Kg1 Kxg3 65. Rg8+ Kh3
66. Rf3# 1-0

[Event "Open Aubagne 2019-2020"]
[Site "Aubagne"]
[Date "2019.09.02"]
[Round "3.36"]
[White "Balaguer, Thomas"]
[Black "De Laurentis, Pierre"]
[Result "0-1"]
[WhiteElo "1009"]
[BlackElo "1207"]
[PlyCount "60"]

1. d4 d6 2. Nc3 Nf6 3. Bg5 Nh5 4. e3 g6 5. Bb5+ c6 6. Ba4 Bg7 7. h3 O-O 8. g4
f6 9. Bf4 Nxf4 10. exf4 Bh6 11. Qd2 a6 12. g5 fxg5 13. fxg5 Bg7 14. Nf3 Rxf3
15. Qe2 Rf8 16. O-O-O b5 17. Bb3+ d5 18. a4 a5 19. axb5 Bb7 20. bxc6 Nxc6 21.
Ba4 Nb4 22. Kb1 Qd7 23. Na2 Qxa4 24. b3 Qxa2+ 25. Kc1 Rfe8 26. Qb5 Qa3+ 27. Kd2
Rab8 28. Qc5 Rf8 29. Ra1 Rxf2+ 30. Kd1 Qxa1# 0-1

[Event "Open Aubagne 2019-2020"]
[Site "Aubagne"]
[Date "2019.09.02"]
[Round "3.37"]
[White "Belaid, Myriam"]
[Black "Salvi, Angele"]
[Result "0-1"]
[WhiteElo "1199"]
[BlackElo "1077"]
[PlyCount "122"]

1. d4 Nf6 2. Nf3 d6 3. e3 Bd7 4. Bd3 g6 5. Nbd2 Bg7 6. O-O O-O 7. e4 Nc6 8. c3
Re8 9. Re1 Nh5 10. d5 Ne5 11. Nxe5 Bxe5 12. Be2 Nf4 13. Bf3 Nd3 14. Re3 Nc5 15.
Nb3 Ba4 16. Qe2 Bf4 17. Nxc5 Bxe3 18. Nxa4 Bxc1 19. Rxc1 Qd7 20. b3 a6 21. Nb2
e5 22. Bg4 Qe7 23. Qf3 Rf8 24. Qg3 Qg5 25. Re1 Qd2 26. Nd3 Qxc3 27. f4 exf4 28.
Qxf4 Qxd3 29. Re3 Qb1+ 30. Bd1 Qxa2 31. Rg3 Qb2 32. Bh5 Qd4+ 33. Qf2 Qxe4 34.
Bf3 Qe5 35. Rh3 f5 36. Qh4 Qa1+ 37. Bd1 Qxd1+ 38. Kf2 Qc2+ 39. Kg1 Qc5+ 40. Qf2
Qxf2+ 41. Kxf2 Rae8 42. Rc3 Re7 43. Kf3 Kg7 44. h3 Kh6 45. g4 fxg4+ 46. Kxg4
Rf5 47. Rf3 Rg5+ 48. Kf4 Ree5 49. h4 Rh5 50. Rh3 Rxd5 51. Kg4 Rd4+ 52. Kg3 c5
53. Rh1 b5 54. Rc1 c4 55. Rb1 c3 56. Rc1 b4 57. Kh3 Rhxh4+ 58. Kg3 g5 59. Rh1
Rxh1 60. Kg2 Rhd1 61. Kf2 c2 0-1

[Event "Open Aubagne 2019-2020"]
[Site "Aubagne"]
[Date "2019.09.02"]
[Round "3.38"]
[White "Burnel, Marie-France"]
[Black "Lopez, Marcel"]
[Result "0-1"]
[WhiteElo "1075"]
[BlackElo "1199"]
[PlyCount "77"]

1. c4 c5 2. Nc3 Nc6 3. g3 d6 4. h3 Nf6 5. Bg2 Be6 6. Bxc6+ bxc6 7. Qa4 Bd7 8.
e3 g6 9. Nge2 Bg7 10. O-O O-O 11. d4 cxd4 12. Nxd4 c5 13. Ndb5 Qb6 14. Kh2 Rfd8
15. Qd1 a6 16. Na3 Qb7 17. Nd5 Nxd5 18. Qxd5 Qxd5 19. cxd5 Rab8 20. Rb1 Bf5 21.
Nc4 Bxb1 22. e4 Bd3 23. Nd2 Bxf1 24. Nxf1 Bxb2 25. Bxb2 Rxb2 26. Kg2 Rxa2 27.
Ne3 Rb8 28. Ng4 Kg7 29. e5 Rd2 30. exd6 exd6 31. Ne3 a5 32. Nc4 Ra2 33. Nxd6
Kg8 34. Ne4 c4 35. Nc3 Rc2 36. Ne4 c3 37. d6 Rc1 38. Kf3 Rd1 39. Ke2 0-1

[Event "Open Aubagne 2019-2020"]
[Site "Aubagne"]
[Date "2019.09.02"]
[Round "3.39"]
[White "Shelar, Rujuta"]
[Black "Manus, Renaud"]
[Result "1-0"]
[WhiteElo "1040"]
[BlackElo "1199"]
[PlyCount "95"]

1. d4 d5 2. Bf4 Bf5 3. e3 e6 4. Nc3 a6 5. Nf3 Bd6 6. Bg3 Nc6 7. Be2 Nf6 8. Bd3
h6 9. Qe2 O-O 10. e4 dxe4 11. Nxe4 Nxe4 12. Bxe4 Qf6 13. c3 Rfe8 14. O-O Bxe4
15. Qxe4 Qf5 16. Qxf5 exf5 17. h3 Bxg3 18. fxg3 Re2 19. b3 Rd8 20. Rfe1 Rde8
21. d5 Nb8 22. Kf1 R2e4 23. Nd2 Rxe1+ 24. Rxe1 Kf8 25. Rxe8+ Kxe8 26. Ke2 Ke7
27. c4 Nd7 28. Nf3 Kd6 29. Nd4 g6 30. a4 Kc5 31. Kd3 Ne5+ 32. Kc3 a5 33. Nc2 c6
34. b4+ axb4+ 35. Nxb4 Nxc4 36. dxc6 bxc6 37. Nd3+ Kd5 38. Kb4 Nb6 39. a5 Na8
40. a6 Kd6 41. Ka5 Kc7 42. Ne5 f6 43. Nxg6 c5 44. Kb5 Kd6 45. Nf4 Nc7+ 46. Kb6
Nxa6 47. Kxa6 Kc6 48. Ka5 1-0

[Event "Open Aubagne 2019-2020"]
[Site "Aubagne"]
[Date "2019.09.02"]
[Round "3.40"]
[White "Tramarin, Lucas"]
[Black "Friche, Allan"]
[Result "1-0"]
[WhiteElo "1189"]
[BlackElo "1009"]
[PlyCount "70"]

1. d4 d5 2. c4 e6 3. Nc3 Nf6 4. e3 Nbd7 5. Nf3 Bb4 6. Bd2 Ne4 7. Nxe4 Bxd2+ 8.
Nexd2 O-O 9. Be2 dxc4 10. Bxc4 Nb6 11. O-O Nxc4 12. Nxc4 Bd7 13. Qc2 Bb5 14.
Rfe1 Qd5 15. b3 Ba6 16. e4 Qd7 17. e5 b5 18. Ng5 g6 19. Ne3 h6 20. Ne4 Qxd4 21.
Red1 Qxe5 22. Ng4 Qf4 23. Qxc7 Qxc7 24. Rd7 Qxd7 25. Ngf6+ Kh8 26. Nxd7 Rfd8
27. Ndc5 Rd4 28. Re1 Rad8 29. Nxa6 Rd1 30. Kf1 f5 31. Nc3 Rxe1+ 32. Kxe1 Rd3
33. Nxb5 e5 34. Ke2 e4 35. Nxa7 Rd7 1-0

[Event "Open Aubagne 2019-2020"]
[Site "Aubagne"]
[Date "2019.09.02"]
[Round "5.1"]
[White "Ganier, Philippe"]
[Black "Cescon, Moreno"]
[Result "0-1"]
[WhiteElo "1571"]
[BlackElo "1691"]
[PlyCount "116"]

1. c4 e5 2. Nc3 Nf6 3. g3 Bc5 4. Bg2 O-O 5. e3 Nc6 6. Nge2 d6 7. O-O Bg4 8. f3
Bd7 9. d4 exd4 10. exd4 Bb6 11. Na4 Nxd4 12. Nxb6 Nxe2+ 13. Qxe2 axb6 14. Qc2
Qe7 15. Bf4 Nh5 16. Rfe1 Qf6 17. Bd2 Rfe8 18. Bc3 Qg5 19. Kh1 Bc6 20. a3 b5 21.
cxb5 Qxb5 22. Qd2 Qd5 23. Qf2 Re6 24. Rxe6 fxe6 25. Re1 Rf8 26. f4 Qxg2+ 27.
Qxg2 Bxg2+ 28. Kxg2 Kf7 29. h3 Nf6 30. Rc1 Nd5 31. Bd2 Ke7 32. Rc4 Kd7 33. Rd4
g6 34. h4 c5 35. Ra4 Nb6 36. Re4 d5 37. Re2 Nc4 38. Bc3 Nd6 39. Kf3 b5 40. Rh2
h5 41. Re2 Nf5 42. Re5 Kd6 43. Bd2 Nd4+ 44. Ke3 Nf5+ 45. Kf3 Ra8 46. Re1 Nd4+
47. Kf2 Ra4 48. Bc3 Rc4 49. Ra1 Nb3 50. Be5+ Kd7 51. Rd1 d4 52. Kf3 Rc2 53. g4
Nd2+ 54. Ke2 Nc4+ 55. Kd3 Rg2 56. Re1 Rxg4 57. b3 Rg3+ 58. Ke4 Nd2# 0-1

[Event "Open Aubagne 2019-2020"]
[Site "Aubagne"]
[Date "2019.09.02"]
[Round "5.3"]
[White "Pouyet, Alain"]
[Black "Tramarin, Matteo"]
[Result "1-0"]
[WhiteElo "1550"]
[BlackElo "1473"]
[PlyCount "85"]

1. e4 c5 2. Nf3 d6 3. c3 Nf6 4. Bc4 Nxe4 5. O-O Bg4 6. d3 Nf6 7. Bg5 Nbd7 8.
Nbd2 g6 9. Qb3 Qb6 10. Bxf7+ Kd8 11. h3 Qxb3 12. Bxb3 Bf5 13. d4 Bg7 14. Rfe1
h6 15. Bf4 g5 16. Bh2 Rc8 17. Re3 Nb6 18. g4 Bd7 19. Rae1 Nfd5 20. Re4 c4 21.
Bc2 Be8 22. R4e2 Bf7 23. Bf5 Rc7 24. Nb1 Bf6 25. Na3 a6 26. Nd2 Re8 27. Be6
Bxe6 28. Rxe6 Kd7 29. R6e2 Rh8 30. Ne4 Rh7 31. Nc2 Rc6 32. Ne3 Nxe3 33. fxe3
Nd5 34. Nd2 e5 35. Rf1 exd4 36. exd4 Re7 37. Rfe1 b5 38. Ne4 Re6 39. a3 Be7 40.
Kf2 Nc7 41. Ng3 Rxe2+ 42. Rxe2 Ne6 43. d5 1-0

[Event "Open Aubagne 2019-2020"]
[Site "Aubagne"]
[Date "2019.09.02"]
[Round "5.4"]
[White "Laurent, Yohan"]
[Black "Bonavia, Mathis"]
[Result "1-0"]
[WhiteElo "1628"]
[BlackElo "1405"]
[PlyCount "77"]

1. c4 Nf6 2. Nc3 e5 3. g3 d5 4. cxd5 Nxd5 5. Bg2 Nb6 6. b3 Bd7 7. Bxb7 Bc6 8.
Bxa8 Bxa8 9. e4 f5 10. Qc2 Bb4 11. Nge2 Bxc3 12. Nxc3 Qd4 13. Bb2 Na6 14. Nd5
Nb4 15. Nxb4 Qxb4 16. O-O Qxe4 17. Qxe4 Bxe4 18. Bxe5 Kf7 19. Bxc7 Rc8 20. Bxb6
axb6 21. Rac1 Ra8 22. a4 Bd5 23. Rc3 Ra5 24. Rfc1 Ke7 25. f4 Kd6 26. h4 Be4 27.
d3 Bd5 28. Kf2 Rc5 29. b4 Rc6 30. Rxc6+ Bxc6 31. Ke3 Bxa4 32. Kd4 Bb5 33. Ra1
Ke6 34. Ra7 Kf6 35. Rb7 Kg6 36. Rxb6+ Kh5 37. Rxb5 Kg4 38. Ke3 Kxg3 39. Rxf5
1-0

[Event "Open Aubagne 2019-2020"]
[Site "Aubagne"]
[Date "2019.09.02"]
[Round "5.5"]
[White "Delaplace, Mathias"]
[Black "Gomez, Guy"]
[Result "0-1"]
[WhiteElo "1338"]
[BlackElo "1559"]
[PlyCount "50"]

1. e4 c5 2. Nf3 Nc6 3. d4 cxd4 4. Nxd4 d6 5. c4 Nf6 6. Nc3 e6 7. f3 a6 8. Be3
Be7 9. Be2 O-O 10. Qd2 Ne5 11. O-O d5 12. cxd5 exd5 13. exd5 Nxd5 14. Nxd5 Qxd5
15. Rfc1 Rd8 16. Nb3 Qxd2 17. Nxd2 Nd3 18. Bxd3 Rxd3 19. Kf2 Bf5 20. Rc7 Re8
21. Rxb7 Bh4+ 22. g3 Rdxe3 23. Nc4 Re2+ 24. Kf1 Bd3 25. Kg1 Bf6 0-1

[Event "Open Aubagne 2019-2020"]
[Site "Aubagne"]
[Date "2019.09.02"]
[Round "5.6"]
[White "Pinet, Leo"]
[Black "Cureau, Dominique"]
[Result "1-0"]
[WhiteElo "1465"]
[BlackElo "1348"]
[PlyCount "77"]

1. e4 c5 2. Nf3 d6 3. d4 cxd4 4. Nxd4 Nf6 5. Nc3 Nc6 6. f4 Bg4 7. Nxc6 bxc6 8.
Qd4 e6 9. h3 Bh5 10. g4 Bg6 11. f5 exf5 12. exf5 Qe7+ 13. Be2 h5 14. fxg6 fxg6
15. g5 Nd7 16. Bf4 Nc5 17. O-O Ne6 18. Qe4 d5 19. Qxg6+ Kd7 20. Nxd5 cxd5 21.
Bb5+ Kd8 22. Rae1 Qc5+ 23. Be3 Qxb5 24. Qxe6 Be7 25. Rd1 Rf8 26. Rxd5+ Qxd5 27.
Qxd5+ Kc7 28. Bf4+ Rxf4 29. Rxf4 Rd8 30. Qe5+ Bd6 31. Rf7+ Rd7 32. Qa5+ Kc6 33.
Qa4+ Kb6 34. Rxd7 Bc5+ 35. Rd4 a5 36. Qc4 Bxd4+ 37. Qxd4+ Kb5 38. c4+ Kc6 39.
c5 1-0

[Event "Open Aubagne 2019-2020"]
[Site "Aubagne"]
[Date "2019.09.02"]
[Round "5.7"]
[White "Bedhouche, Rayan"]
[Black "Normand, Christophe"]
[Result "1-0"]
[WhiteElo "1460"]
[BlackElo "1283"]
[PlyCount "141"]

1. e4 d5 2. exd5 e6 3. Nf3 exd5 4. d4 Nf6 5. Bg5 Be7 6. Be2 c5 7. O-O cxd4 8.
Nxd4 O-O 9. Bf3 Nc6 10. Nc3 h6 11. Bh4 Qb6 12. Nb3 d4 13. Ne2 Rd8 14. Bxc6 bxc6
15. Nexd4 c5 16. Qe2 Re8 17. Nf3 Ba6 18. c4 Bd6 19. Qc2 Re4 20. Rfe1 Rae8 21.
Bxf6 Rxe1+ 22. Nxe1 gxf6 23. Nd3 Bb7 24. Qd2 Kg7 25. Nf4 Bxf4 26. Qxf4 Re5 27.
f3 Qd6 28. Qg3+ Kh7 29. Kf2 Qd3 30. Re1 Qc2+ 31. Kg1 Rxe1+ 32. Qxe1 Qxc4 33.
Qe7 Ba6 34. Qe4+ Qxe4 35. fxe4 Bc4 36. Kf2 Kg6 37. Ke3 Be6 38. Nc1 c4 39. a3 a5
40. Ne2 h5 41. h3 Bd7 42. Kf4 f5 43. e5 f6 44. exf6 Kxf6 45. Nd4 Kg6 46. Ke5
Kg5 47. Nf3+ Kg6 48. h4 Bc6 49. Ne1 Be4 50. Kd4 Bd3 51. Nxd3 cxd3 52. Kxd3 Kf6
53. b4 axb4 54. axb4 Ke6 55. b5 Kd6 56. b6 Kc6 57. b7 Kxb7 58. Kd4 Kc7 59. Ke5
Kd7 60. Kxf5 Ke7 61. Kg5 Kf7 62. Kxh5 Kg7 63. g4 Kh7 64. g5 Kg7 65. g6 Kg8 66.
Kh6 Kh8 67. g7+ Kg8 68. h5 Kf7 69. Kh7 Kf6 70. g8=Q Ke7 71. Qg6 1-0

[Event "Open Aubagne 2019-2020"]
[Site "Aubagne"]
[Date "2019.09.02"]
[Round "5.8"]
[White "Madi, Chahinez"]
[Black "Correges, Philippe"]
[Result "1-0"]
[WhiteElo "1335"]
[BlackElo "1406"]
[PlyCount "85"]

1. d4 f5 2. Nf3 Nf6 3. Bf4 g6 4. e3 Bg7 5. Be2 O-O 6. h3 Qe8 7. Bxc7 d6 8. Bc4+
Kh8 9. Bxb8 Rxb8 10. O-O e5 11. dxe5 dxe5 12. Qd6 Nd7 13. Nc3 Rf6 14. Qd2 Nb6
15. Bb3 h6 16. Rad1 Bd7 17. a4 a5 18. Ra1 e4 19. Nd4 g5 20. Ncb5 Qh5 21. Qe2 g4
22. Nc7 Qg5 23. Nce6 Bxe6 24. Nxe6 Rxe6 25. Bxe6 gxh3 26. g3 Re8 27. Bf7 Rf8
28. Bh5 Be5 29. Kh2 Rg8 30. Rg1 Nd7 31. f4 exf3 32. Qxf3 Nf6 33. Bf7 Ng4+ 34.
Kh1 Rg7 35. Be6 Nxe3 36. Rae1 Bd4 37. Qf4 Bb6 38. Qxg5 hxg5 39. Re2 h2 40. Rge1
Ng4 41. Rf1 Re7 42. Rxf5 Kg7 43. Rxg5+ 1-0

[Event "Open Aubagne 2019-2020"]
[Site "Aubagne"]
[Date "2019.09.02"]
[Round "5.9"]
[White "Gamblin, Vincent"]
[Black "Roux, Jean-Marie"]
[Result "1/2-1/2"]
[WhiteElo "1406"]
[BlackElo "1263"]
[PlyCount "155"]

1. e4 e5 2. Nf3 Nc6 3. Bb5 Be7 4. O-O Nf6 5. Re1 d6 6. h3 Bd7 7. c3 O-O 8. d4
exd4 9. cxd4 a6 10. Ba4 b5 11. Bc2 Re8 12. a3 Na5 13. Qd3 g6 14. b4 Nc4 15. Bb3
Nb6 16. Bh6 Bf8 17. Bd2 Bg7 18. Nc3 c6 19. Ng5 Rf8 20. Bf4 Bc8 21. Rad1 Bh6 22.
Nxf7 Rxf7 23. Bxf7+ Kxf7 24. Bxh6 Nc4 25. Ne2 Nb2 26. Qb3+ Nc4 27. Nf4 d5 28.
e5 Ne4 29. Rxe4 dxe4 30. Qg3 Bf5 31. Bg5 Qf8 32. Qb3 Be6 33. Nxe6 Kxe6 34. Bf6
Qh6 35. Re1 Qf4 36. g3 Qf5 37. Qc2 Qxh3 38. Qxe4 Rc8 39. Qd3 Nb2 40. Qb3+ Nc4
41. Rd1 Qf5 42. Kg2 Qe4+ 43. Qf3 Qxf3+ 44. Kxf3 Nxa3 45. Ke4 Nc4 46. Rh1 h5 47.
g4 hxg4 48. Rh7 Nd6+ 49. Kf4 Nf5 50. Kxg4 Nxd4 51. Re7+ Kd5 52. Rd7+ Kc4 53.
Be7 Ne6 54. Rd6 Nf8 55. Bxf8 Rxf8 56. f3 Kxb4 57. Rxc6 a5 58. Rxg6 a4 59. Ra6
a3 60. e6 Kb3 61. Rb6 b4 62. e7 Re8 63. Re6 a2 64. Re3+ Ka4 65. Kf5 a1=Q 66.
Ke6 Qa2+ 67. Kd7 Qf7 68. Re6 Rxe7+ 69. Rxe7 Qxe7+ 70. Kxe7 b3 71. f4 b2 72. f5
b1=Q 73. f6 Qe4+ 74. Kf8 Qa8+ 75. Kg7 Qb7+ 76. f7 Kb5 77. Kg8 Qc8+ 78. f8=Q
1/2-1/2

[Event "Open Aubagne 2019-2020"]
[Site "Aubagne"]
[Date "2019.09.02"]
[Round "5.10"]
[White "Madi, Mohammed"]
[Black "Cotton, Paul"]
[Result "1/2-1/2"]
[WhiteElo "1111"]
[BlackElo "1402"]
[PlyCount "188"]

1. d4 Nf6 2. Bf4 g6 3. Nc3 Bg7 4. Nf3 d6 5. h3 Nbd7 6. e3 a6 7. Bd3 b5 8. O-O
Bb7 9. a3 c5 10. dxc5 Nxc5 11. b4 Nxd3 12. cxd3 Nh5 13. Rc1 Nxf4 14. exf4 Rc8
15. Ne4 O-O 16. Qe2 Bh6 17. Neg5 Bg7 18. Rxc8 Bxc8 19. Re1 e6 20. Ne4 Bb7 21.
Rc1 Qd7 22. Qe3 Bb2 23. Rb1 Bg7 24. Rc1 d5 25. Nc5 Qe7 26. Nxb7 Qxb7 27. Qc5
Bb2 28. Rc2 Bf6 29. Qc6 Qxc6 30. Rxc6 Ra8 31. Rc2 Kg7 32. Ne5 Ra7 33. d4 Be7
34. g4 f6 35. Nd3 h6 36. Kg2 g5 37. Kf3 Bd6 38. Rc6 Bxf4 39. Nxf4 gxf4 40. Kxf4
Kf7 41. Kg3 a5 42. Rc5 axb4 43. axb4 Ra3+ 44. Kg2 Rd3 45. Rxb5 Rxd4 46. Rb7+
Kg6 47. b5 Rb4 48. Rb8 d4 49. b6 h5 50. b7 Kf7 51. gxh5 d3 52. Rd8 Rxb7 53.
Rxd3 Kg7 54. Kg3 Kh6 55. Rd6 Re7 56. Kh4 f5 57. f4 Kh7 58. Kg5 Rg7+ 59. Kf6 Kh6
60. Rxe6 Rg3 61. Kxf5+ Kxh5 62. Re8 Kh6 63. Rh8+ Kg7 64. Rh5 Rc3 65. Rg5+ Kh6
66. Kg4 Rc2 67. Rh5+ Kg6 68. f5+ Kf6 69. Rh6+ Kg7 70. Kh5 Rf2 71. Rg6+ Kh7 72.
Kg5 Rg2+ 73. Kf6 Rf2 74. Rg4 Rf3 75. h4 Kh6 76. Rg5 Rf4 77. Rg8 Kh7 78. Rg6
Rxh4 79. Kf7 Rc4 80. Re6 Rf4 81. f6 Rc4 82. Rd6 Rc7+ 83. Ke8 Kg8 84. Kd8 Rf7
85. Re6 Rf8+ 86. Kd7 Kf7 87. Kd6 Rd8+ 88. Ke5 Rd2 89. Re7+ Kf8 90. Kf5 Rf2+ 91.
Ke6 Re2+ 92. Kd7 Rd2+ 93. Kc6 Rc2+ 94. Kd5 Rd2+ 1/2-1/2

[Event "Open Aubagne 2019-2020"]
[Site "Aubagne"]
[Date "2019.09.02"]
[Round "5.12"]
[White "Lai, Bjorn"]
[Black "Pietrac, Christian"]
[Result "1-0"]
[WhiteElo "1362"]
[BlackElo "1258"]
[PlyCount "93"]

1. e4 g6 2. d4 Bg7 3. Nc3 d6 4. f4 Nf6 5. Nf3 O-O 6. Bd3 c5 7. dxc5 dxc5 8. O-O
Nc6 9. Ne2 a5 10. Qe1 Nb4 11. e5 Nxd3 12. cxd3 Ng4 13. h3 Nh6 14. d4 b6 15.
dxc5 bxc5 16. Kh2 Ba6 17. Rg1 Bd3 18. Be3 Qc7 19. Rc1 c4 20. Ned4 Rab8 21. Qd2
e6 22. Qxd3 Rfc8 23. Qe2 Nf5 24. Nxf5 exf5 25. Rc2 Bf8 26. Rgc1 Qb7 27. Bd4 Bh6
28. g3 Qe4 29. Qxe4 fxe4 30. Nd2 Bf8 31. Rxc4 Rd8 32. Nxe4 Rb4 33. Rxb4 axb4
34. Bc5 Ra8 35. Nf6+ Kg7 36. Bxf8+ Kxf8 37. Nxh7+ Kg7 38. Ng5 Ra7 39. a3 bxa3
40. bxa3 Rd7 41. h4 Kg8 42. a4 Kf8 43. Nh7+ Ke7 44. Nf6 Ra7 45. Rc8 Ke6 46. g4
Re7 47. Rc6# 1-0

[Event "Open Aubagne 2019-2020"]
[Site "Aubagne"]
[Date "2019.09.02"]
[Round "5.13"]
[White "Tramarin, Esteban"]
[Black "Turpin, Isabelle"]
[Result "1-0"]
[WhiteElo "1174"]
[BlackElo "1181"]
[PlyCount "95"]

1. c4 Nf6 2. Nc3 e6 3. Nf3 c6 4. g3 Be7 5. Bg2 Qb6 6. O-O h5 7. d4 d5 8. c5 Qc7
9. Bf4 Qd8 10. Ne5 Ng4 11. Nf3 h4 12. h3 Nh6 13. Qc1 g5 14. Bxg5 Nf5 15. Bxe7
Qxe7 16. Qg5 Kf8 17. Qxe7+ Kxe7 18. Nxh4 Nxh4 19. gxh4 Rxh4 20. e3 Nd7 21. Kh2
Nf8 22. Ne2 Nh7 23. f4 Bd7 24. Rf3 Nf6 25. Nc3 e5 26. dxe5 Ne4 27. Nxe4 dxe4
28. Rg3 Rah8 29. Rf1 Bf5 30. Re1 Ke6 31. Rd1 Ke7 32. Rd4 b5 33. cxb6 axb6 34.
a4 Ra8 35. Bxe4 Bxe4 36. Rxe4 Ke6 37. f5+ Kxf5 38. Rxh4 Kxe5 39. Rb4 c5 40.
Rxb6 Rxa4 41. Rg5+ f5 42. Rh5 c4 43. Rb5+ Ke4 44. Rhxf5 Kxe3 45. h4 Ra2 46. Kg3
Ra1 47. Rbd5 Ke4 48. Rfe5# 1-0

[Event "Open Aubagne 2019-2020"]
[Site "Aubagne"]
[Date "2019.09.02"]
[Round "5.14"]
[White "Pouliquen, Gilbert"]
[Black "Ghazarian, David"]
[Result "0-1"]
[WhiteElo "1276"]
[BlackElo "1550"]
[PlyCount "54"]

1. d4 d5 2. Bf4 Nf6 3. h3 e6 4. e3 a6 5. Bd3 c5 6. dxc5 Bxc5 7. Nd2 Qb6 8. Nb3
Bd7 9. Nxc5 Qxc5 10. c3 O-O 11. Rc1 Nc6 12. Nf3 Rfe8 13. Ne5 Nxe5 14. Bxe5 Qe7
15. O-O Bb5 16. c4 dxc4 17. Bxc4 Red8 18. Qc2 Rac8 19. Qb3 Bc6 20. Rfd1 Ne4 21.
Rxd8+ Rxd8 22. Qc2 Rd2 23. Qb3 Rxf2 24. Rc2 Nd2 25. Qc3 Rxg2+ 26. Kh1 Re2+ 27.
Kg1 Qg5+ 0-1

[Event "Open Aubagne 2019-2020"]
[Site "Aubagne"]
[Date "2019.09.02"]
[Round "5.15"]
[White "Blanc, Michel"]
[Black "Labriaud, Gilles"]
[Result "1-0"]
[WhiteElo "1486"]
[BlackElo "1260"]
[PlyCount "59"]

1. Nf3 d6 2. d4 Nc6 3. Bf4 Nf6 4. h3 g6 5. e3 Bg7 6. Be2 O-O 7. O-O Nd7 8. c4
e5 9. Bh2 exd4 10. exd4 Nf6 11. Nc3 a6 12. Rc1 Be6 13. d5 Bxd5 14. Nxd5 Nxd5
15. cxd5 Ne7 16. b3 Re8 17. Re1 Rc8 18. a4 Qd7 19. b4 Qf5 20. Bc4 Kf8 21. b5
Qf6 22. bxa6 bxa6 23. Bxa6 Ra8 24. Bb5 Rec8 25. Bg3 Qf5 26. Bc6 Ra5 27. Qd2
Nxc6 28. Rxc6 Rxa4 29. Qc2 Qd7 30. Qxa4 1-0

[Event "Open Aubagne 2019-2020"]
[Site "Aubagne"]
[Date "2019.09.02"]
[Round "5.16"]
[White "Reynaud, Jacques"]
[Black "Periale, Albert"]
[Result "0-1"]
[WhiteElo "1399"]
[BlackElo "1228"]
[PlyCount "72"]

1. d4 d5 2. Bf4 e6 3. e3 Nf6 4. Bd3 c5 5. dxc5 Bxc5 6. Nf3 Nc6 7. c3 Bd6 8. Bg5
a6 9. b4 b5 10. Nbd2 Bb7 11. O-O h6 12. Bxf6 Qxf6 13. Qb3 Ne5 14. Nxe5 Bxe5 15.
Rac1 O-O 16. f4 Bc7 17. Nf3 Bb6 18. Nd4 Rfc8 19. Kh1 Bxd4 20. cxd4 Qe7 21. Rc5
Rc6 22. a3 f5 23. Bb1 Kh8 24. Qd3 Qe8 25. g4 g6 26. gxf5 gxf5 27. Rg1 Qf7 28.
Qc2 Rac8 29. Rc1 R8c7 30. a4 Qh5 31. Qd1 Qxd1+ 32. Rxd1 bxa4 33. Rd3 Rxc5 34.
dxc5 Bc6 35. h4 d4+ 36. Kg1 Be4 0-1

[Event "Open Aubagne 2019-2020"]
[Site "Aubagne"]
[Date "2019.09.02"]
[Round "5.17"]
[White "Frontera, Pierre"]
[Black "Desjardins, Rene"]
[Result "1/2-1/2"]
[WhiteElo "1262"]
[BlackElo "1384"]
[PlyCount "119"]

1. e4 e5 2. Nc3 Nc6 3. Nf3 Nf6 4. Bc4 Bc5 5. a3 d6 6. b4 Bb6 7. O-O Bg4 8. Be2
Ne7 9. Bb2 Ng6 10. d3 Nf4 11. Na4 Nxe2+ 12. Qxe2 O-O 13. Nxb6 axb6 14. h3 Bd7
15. c4 Nh5 16. Bc1 f5 17. Bg5 Nf4 18. Bxf4 exf4 19. Rfe1 fxe4 20. dxe4 Qf6 21.
e5 dxe5 22. Nxe5 Qe6 23. Qd2 Rad8 24. Rad1 Qd6 25. Qc3 Qf6 26. Qb3 Be6 27. Qf3
Rxd1 28. Qxd1 Qg5 29. Nf3 Qf6 30. Ne5 Qf5 31. Ng4 Bxc4 32. f3 Qd3 33. Qc1 b5
34. Ne5 Qd4+ 35. Kh2 Qf2 36. Nxc4 bxc4 37. Qxc4+ Kh8 38. Qe2 Qg3+ 39. Kg1 Qg6
40. Qe7 Qb6+ 41. Kh2 Kg8 42. Re6 c6 43. Qd7 Qf2 44. Re8 Qg3+ 45. Kg1 Qg6 46.
Re6 Qg5 47. Re8 Qf6 48. Re7 h5 49. Re8 b5 50. Rxf8+ Kxf8 51. Qd3 Kg8 52. Qe4 g6
53. Qe8+ Kg7 54. Qd7+ Kh6 55. h4 Qxh4 56. Qxc6 Qe1+ 57. Kh2 h4 58. Qxb5 Qg3+
59. Kg1 h3 60. Qf1 1/2-1/2